Lil Wayne Albums and Mixtapes - Statistics

General Stats
  • This quiz has been taken 26 times
    20 since last reset
  • The average score is 19 of 46
Answer Stats
Hint Answer % Correct
Album (2004) Tha Carter
88%
Album (1999) Tha Block Is Hot
76%
Album (2005) Tha Carter II
76%
Album (2008) Tha Carter III
71%
Album (2011) Tha Carter IV
71%
Album (2018) Tha Carter V
71%
Mixtape (2003) Da Drought
65%
Mixtape (2004) Da Drought 2
65%
Mixtape (2007) Da Drought 3
59%
Album (2010) I Am Not A Human Being
59%
Album (TBA) Tha Carter VI
59%
Mixtape (2005) The Dedication
59%
Mixtape (2006) Dedication 2
53%
Mixtape (2008) Dedication 3
53%
Album (2013) I Am Not A Human Being II
53%
Mixtape (2009) No Ceilings
53%
Album (2010) Rebirth
53%
Mixtape (2012) Dedication 4
47%
Mixtape (2015) No Ceilings 2
47%
Mixtape (2011) Sorry 4 The Wait
47%
Album (2002) 500 Degreez
41%
Mixtape (2013) Dedication 5
41%
Mixtape (2017) Dedication 6
41%
Album (2015) Free Weezy Album
41%
Album (2020) Funeral
41%
Album (2000) Lights Out
41%
Mixtape (2015) Sorry 4 The Wait 2
41%
Album (2016) Collegrove
35%
Album (2023) Welcome 2 Collegrove
35%
Mixtape (2018) Dedication 6: Reloaded
29%
Album (2006) Like Father Like Son
29%
Mixtape (2004) The Prefix
29%
Mixtape (TBA) Dedication 7
24%
Album (TBA) I Am Not A Human Being III
24%
Mixtape (2021) Trust Fund Babies
24%
Album (2009) We Are Young Money
24%
Mixtape (2023) Tha Fix Before Tha Six
18%
EP (2007) The Leak
18%
Mixtape (2005) The Suffix
18%
Mixtape (2017) T-Wayne
18%
EP (2017) In Tune We Trust
12%
Album (2014) Rise Of An Empire
12%
Mixtape (2020) No Ceilings 3 Side A
6%
Mixtape (2020) No Ceilings 3 Side B
6%
Album (2013) Rich Gang
6%
Mixtape (2005) Young Money: The Mixtape Vol. 1
0%
No matching quizzes found
Score Distribution
Percent of People with Each Score
Percentile by Number Answered
Your Score History
You have not taken this quiz since the last reset